[Event "Enniscrone Sligo-ch"]
[Site "Enniscrone"]
[Date "2024.02.04"]
[Round "5"]
[White "Krys, Dmytro"]
[Black "Cummins, Sean"]
[Result "1/2-1/2"]
[WhiteElo "1541"]
[BlackElo "1822"]
[PlyCount "71"]
[EventDate "2024.02.02"]
[EventType "swiss"]
[EventRounds "5"]
[EventCountry "IRL"]
[SourceTitle "CB08_2024"]
[SourceDate "2024.02.21"]
[SourceVersion "1"]
[SourceVersionDate "2024.02.21"]
[SourceQuality "1"]

1. e4 c5 2. Nc3 Nc6 3. Nf3 g6 4. Bc4 Bg7 5. d3 e6 6. 0-0 Nge7 7. Bf4 d5 8. exd5 exd5 9. Bb5 0-0 10. Bxc6 Nxc6 11. Re1 a6 12. Rb1 b5 13. h3 h6 14. Ne2 d4 15. Bh2 g5 16. Ng3 Qd5 17. a3 Bb7 18. Nd2 Ne5 19. f3 f5 20. Qe2 Rae8 21. Nh5 Bh8 22. Bxe5 Bxe5 23. Qf2 Kh7 24. f4 Bh8 25. fxg5 hxg5 26. Ng3 Kg6 27. Qf3 Qxf3 28. Nxf3 Bxf3 29. gxf3 Re3 30. Rxe3 dxe3 31. c3 Rd8 32. Rd1 b4 33. axb4 cxb4 34. d4 bxc3 35. bxc3 Rc8 36. Ne2 1/2-1/2

[Event "Enniscrone Sligo-ch"]
[Site "Enniscrone"]
[Date "2024.02.02"]
[Round "1"]
[White "Cassidy, Sydney"]
[Black "Cummins, Sean"]
[Result "0-1"]
[WhiteElo "1581"]
[BlackElo "1822"]
[PlyCount "56"]
[EventDate "2024.02.02"]
[EventType "swiss"]
[EventRounds "5"]
[EventCountry "IRL"]
[SourceTitle "CB08_2024"]
[SourceDate "2024.02.21"]
[SourceVersion "1"]
[SourceVersionDate "2024.02.21"]
[SourceQuality "1"]

1. e4 c5 2. Nf3 d6 3. d4 cxd4 4. Nxd4 Nf6 5. Nc3 a6 6. Be2 e5 7. Nf3 Be7 8. h3 h6 9. 0-0 Be6 10. Re1 Nbd7 11. Bf1 0-0 12. Nd5 Nxd5 13. exd5 Bf5 14. c4 Bf6 15. Bd3 Bxd3 16. Qxd3 Nc5 17. Qc2 a5 18. Be3 Rc8 19. Rab1 b5 20. Bxc5 Rxc5 21. b3 Qc7 22. Red1 bxc4 23. b4 axb4 24. Rxb4 c3 25. Kh1 Ra8 26. Rb3 Qa5 27. Rdb1 g6 28. a4 Qxa4 0-1